Copa Mundial de la FIFA 1994 - Estadísticas

Estadísticas generales
  • Esta prueba ha sido intentada 175 veces
  • La puntuación promedio es 20 de 24
Estadísticas de respuestas
GRUPO % Correcto
Argentina
98%
Brasil
98%
España
98%
Alemania
96%
Italia
95%
Colombia
93%
México
91%
Estados Unidos
90%
Nigeria
85%
Suecia
84%
Camerún
82%
Corea del Sur
82%
Rusia
82%
Bolivia
81%
Rumania
80%
Bulgaria
79%
Países Bajos
79%
Bélgica
77%
Marruecos
75%
Grecia
74%
Arabia Saudi
70%
Irlanda
68%
Noruega
68%
Suiza
67%
No se encontraron pruebas coincidentes
Distribución de puntuación
Porcentaje de gente con cada puntuación
Porcentaje por número respondido
Historial de tus puntuaciones
No has intentado esta prueba.